00778nam a2200205 i 450000100060000000300090000600500170001500700030003200800410003510000270007624501230010326000410022630000420026770000310030970000310034070000340037185200300040599900170043595201200045233559ES-MaACL20230906154758.0t|030202s1964 sp ||||1| spa d1 aBird, R. Byron.92896610aFenómenos de transporte / cR. Byron Bird, Warren E. Stewart, Edwin W. Lightfoot ; [versión Fidel Mato Vázquez]. aBarcelona, etc. : bReverte, c1964. aXX, 22-30, A-71 p. : bil. ; c22 cm.1 aStewart, Warren E.91081941 aLightfoot, Edwin W.9722701 aMato Vázquez, Fidel.979089 aES-MaACLjG-764 bR.56183 c33559d33559 00104070aATENEOMbATENEOMcDEPO2d2008-01-17eSCl0oG-764p1034921r2023-02-23 00:00:00w2023-02-23yMONOGRAFIA